Ako ďalej v reforme verejnej správy?

Súčasný postup pri prenose niektorých kompetencií na samosprávu nie je prínosom. Bolo potrebné zreteľne vymedziť základné úlohy, ktoré musia ostať v kompetencii štátnej správy. Vyvlastňovanie. Stavebné konanie. Školská správa. Financovanie samosprávy. Nástroje samosprávy.

Saved in:
Bibliographic Details
Main Author: Tóthová, Katarína
Format: Book Chapter
Language:Slovak
Subjects:
Tags: Add Tag
No Tags, Be the first to tag this record!

MARC

LEADER 00000naa$a2200000$$$4500
001 0028930
005 20231016084035.2
041 0 |a slo 
044 |a SK 
245 1 0 |a Ako ďalej v reforme verejnej správy?  |c Katarína Tóthová 
520 |a Súčasný postup pri prenose niektorých kompetencií na samosprávu nie je prínosom. Bolo potrebné zreteľne vymedziť základné úlohy, ktoré musia ostať v kompetencii štátnej správy. Vyvlastňovanie. Stavebné konanie. Školská správa. Financovanie samosprávy. Nástroje samosprávy. 
610 2 0 |a správa verejná 
610 2 0 |a decentralizácia 
610 2 0 |a samospráva 
610 2 0 |a financovanie 
610 2 0 |a kompetencie 
610 2 0 |a vyvlastnenie 
610 2 0 |a stavebníctvo 
610 2 0 |a školstvo 
100 1 |a Tóthová, Katarína